Late Night Match-Up Quiz Stats

 Plays Quiz Updated May 30, 2015

Also try: 50 Divided Sitcoms
Challenge
Share
Tweet
Score 0/22 Timer 02:00
2 Plays Today
% Correct
David
97.2%
Jay
97%
Jimmy
96.9%
Jimmy
96.9%
Conan
96.4%
Stephen
91%
Johnny
89.8%
Carson
88.5%
Arsenio
88.2%
Wanda
85.7%
Chelsea
85%
% Correct
Craig
84.9%
Jon
84.8%
Bill
84.7%
George
84.7%
Merv
77%
Dick
65.5%
Jack
65.5%
Steve
63.2%
Tom
59.2%
Les
43.7%
Spike
37.9%

You're not logged in!

Compare scores with friends on all Sporcle quizzes.
Join for Free
OR
Log In

You Might Also Like...

Show Comments

Extras

Top Quizzes Today


Score Distribution

Your Account Isn't Verified!

In order to create a playlist on Sporcle, you need to verify the email address you used during registration. Go to your Sporcle Settings to finish the process.

Report this User

Report this user for behavior that violates our Community Guidelines.

Details: